| 000 | 00392nam a22001217a 4500 | ||
|---|---|---|---|
| 999 |
_c9984 _d9984 |
||
| 003 | OSt | ||
| 008 | 201218b ||||| |||| 00| 0 eng d | ||
| 245 | _aClaro : Software Engineering | ||
| 250 | _a2015(Jan-Mar Vol.2015, Apr-Jun Vol.2015, Jul-Sep Vol.2015, Oct-Dec Vol.2015) | ||
| 260 |
_aAhmedabad _bClaro Publications Private Limited |
||
| 650 | _aComputer Science Engineering | ||
| 942 |
_2ddc _cBV |
||